000 00266nam a2200109Ia 4500
008 190216s9999||||xx |||||||||||||| ||und||
100 _aArora S P Soni Ts
245 0 _aCost Accounting
260 _bPrentice Hall Of India Pvt Ltd
_c1983
300 _a867p
942 _cBK
999 _c5420
_d5420